Ultimate World Football Club Logos - Statistics

General Stats
  • This quiz has been taken 604 times
  • The average score is 213 of 410
Answer Stats
Picture Answer % Correct
FC Barcelona
98%
Eintracht Frankfurt
91%
Valencia
85%
AC Milan
84%
Torino
84%
Galatasaray
83%
Stuttgart
83%
Benfica
82%
Celtic
82%
Inter
82%
Olympique Lyonnais
82%
Brentford
81%
Manchester City
81%
Manchester United
81%
Paris Saint-Germain
81%
Chelsea
80%
Schalke 04
80%
Atlético Madrid
79%
Borussia Dortmund
79%
Bournemouth
79%
Fiorentina
79%
Ipswich Town
79%
River Plate
79%
West Ham
79%
AS Roma
78%
Atlanta United
78%
Liverpool
78%
Porto
78%
Sheffield United
78%
Arsenal
77%
Napoli
77%
Sporting Lisbon
77%
Swansea City
77%
Wolverhampton
77%
Basel
76%
Bayern Munich
76%
Everton
76%
Leicester City
76%
Tottenham Hotspur
76%
Werder Bremen
76%
Young Boys
76%
Club Brugge
75%
Crystal Palace
75%
Derby County
75%
Fenerbahçe
75%
Fulham
75%
Lazio
75%
Monaco
75%
Nottingham Forest
75%
Olympique de Marseille
75%
Parma
75%
Wolfsburg
75%
Brighton & Hove
74%
Feyenoord
74%
Juventus
74%
Real Betis
74%
Real Madrid
74%
Union Berlin
74%
Watford
74%
Hull City
73%
LA Galaxy
73%
PSV
73%
Rayo Vallecano
73%
RB Leipzig
73%
Zenit
73%
Aston Villa
72%
Copenhagen
72%
Newcastle
72%
Southampton
72%
Athletic Bilbao
71%
Bayer Leverkusen
71%
Blackburn Rovers
71%
Dinamo Zagreb
71%
Flamengo
71%
Inter Miami
71%
Leeds United
71%
LOSC Lille
71%
New York City
71%
New York Red Bulls
71%
Norwich
71%
Stoke City
71%
West Brom
71%
Atalanta
70%
Augsburg
70%
Boca Juniors
70%
Bologna
70%
FC Köln
70%
Genoa
70%
Hamburger
70%
Hearts
70%
Mallorca
70%
Rangers
70%
AZ
69%
Crvena Zvezda
69%
Espanyol
69%
Hoffenheim
69%
Mainz
69%
Sevilla
69%
Villarreal
69%
Anderlecht
68%
Braga
68%
Freiburg
68%
Genk
68%
Hannover 96
68%
Lokomotiv Moscow
68%
Middlesbrough
68%
Millwall
68%
Nantes
68%
Osasuna
68%
Paris FC
68%
Queen's Park Rangers
68%
Real Sociedad
68%
Shakhtar
68%
Stade Brest
68%
Sunderland
68%
Beşiktaş
67%
Cagliari
67%
Dynamo Kyiv
67%
Dynamo Moscow
67%
Sassuolo
67%
Slovan Bratislava
67%
Al-Ittihad
66%
Burnley
66%
Girona
66%
Nice
66%
RB Salzburg
66%
Stade Rennais
66%
Celta Vigo
65%
Hajduk Split
65%
Heidenheim
65%
Udinese
65%
Birmingham
64%
Borussia M'gladbach
64%
Hertha Berlin
64%
Levante
64%
Sampdoria
64%
Slavia Prague
64%
Sydney FC
64%
Ajax
63%
Getafe
63%
Granada
63%
Legia Warsaw
63%
Wrexham
63%
Ferencvárosi
62%
Hellas Verona
62%
Lens
62%
Malmö
62%
Montpellier
62%
Sheriff Tiraspol
62%
Vancouver Whitecaps
62%
Al-Hilal
61%
Chicago
61%
Como
61%
Le Havre
61%
Monza
61%
Orlando
61%
AEK Athens
60%
Los Angeles FC
60%
Málaga
60%
Sparta Prague
60%
Stade Reims
60%
Strasbourg
60%
Al-Nassr
59%
Bodø/Glimt
59%
Dinamo Minsk
59%
Las Palmas
59%
Molde
59%
Olympiakos
59%
Toronto
59%
Deportivo de la Coruña
58%
Fortuna Düsseldorf
58%
Palmeiras
58%
Seattle Sounders
58%
Spartak Moscow
58%
Toulouse
58%
Trabzonspor
58%
Union SG
58%
CSKA Moscow
57%
Empoli
57%
Gent
57%
Kaizer Chiefs
57%
Lecce
57%
Lorient
57%
Monterrey
57%
Orlando Pirates
57%
Portsmouth
57%
Venezia
57%
América
56%
Auxerre
56%
Cardiff City
56%
Charlton Athletic
56%
Pafos
56%
Santos
56%
Twente
56%
VfL Bochum
56%
Viktoria Plzeň
56%
Vitória Guimarães
56%
Antwerp
55%
Cincinnati
55%
Coventry City
55%
FCSB
55%
Maccabi Tel Aviv
55%
Oxford United
55%
Panathinaikos
55%
Servette
55%
Bristol City
54%
Colo-Colo
54%
FC Utrecht
54%
Fluminense
54%
Heerenveen
54%
Metz
54%
PAOK
54%
Partizan
54%
Rosenborg
54%
São Paulo
54%
Standard de Liège
54%
APOEL
53%
Botafogo
53%
Dallas
53%
Nürnberg
53%
Preston North End
53%
Qarabağ
53%
St. Pauli
53%
Tigres UANL
53%
Deportivo Alavés
52%
Groningen
52%
Kairat Almaty
52%
Kaiserslautern
52%
Maccabi Haifa
52%
Midtjylland
52%
Portland Timbers
52%
Real Oviedo
52%
Aberdeen
51%
Başakşehir
51%
Cádiz
51%
Elche
51%
Grêmio
51%
Lugano
51%
Palermo
51%
Angers
50%
Eibar
50%
Melbourne City
50%
Pumas UNAM
50%
Real Valladollid
50%
Sheffield Wednesday
50%
Ajaccio
49%
Al-Ahly
49%
Cremonese
49%
Sturm Graz
49%
Vasco da Gama
49%
AIK
48%
Cercle Brugge
48%
Colorado Rapids
48%
Leganés
48%
Shamrock Rovers
48%
Sparta Rotterdam
48%
Almeria
47%
AS Saint-Étienne
47%
Austria Wien
47%
Brøndby
47%
Corinthians
47%
GA Eagles
47%
Real Salt Lake
47%
Vissel Kobe
47%
Cluj
46%
Columbus Crew
46%
LASK Linz
46%
NEC
46%
Lech Poznań
45%
Djurgårdens
44%
Nashville
44%
Andorra
43%
Grasshopper
43%
Guadalajara
43%
HJK
43%
Pisa
43%
Rapid Wien
43%
Real Zaragoza
43%
Darmstadt
42%
DC United
42%
Greuther Fürth
42%
Houston Dynamo
42%
Ludogorets
42%
Atlético Mineiro
41%
Hibernian
41%
Internacional
41%
Arminia Bielefeld
40%
Charlotte
40%
Cruzeiro
40%
Frosinone
40%
Maribor
40%
Peñarol
40%
Sporting Kansas City
40%
Aalborg
39%
Brann
39%
Holstein Kiel
39%
Jagiellonia Bialystok
39%
Omonia
39%
Troyes
39%
Wolfsberger
39%
Montréal
38%
Sankt-Gallen
38%
Zürich
38%
AEK Larnaca
37%
Al-Ettifaq
37%
Austin
37%
Hapoel Be'er Sheva
37%
Krasnodar
37%
Cruz Azul
36%
KV Mechelen
36%
Philadelphia
36%
RB Bragantino
36%
Fortaleza
35%
Mamelodi Sundowns
35%
Melbourne Victory
35%
Newcastle Jets
35%
Noah
35%
Bastia
34%
Charleroi
34%
Eintracht Braunschweig
34%
Lausanne-Sport
34%
Pachuca
34%
RFS
34%
Famalicão
33%
Hammarby
33%
Adelaide United
32%
Astana
32%
Atlas
32%
Minnesota United
32%
Rijeka
32%
Viking
32%
Al-Shabab
31%
New England Revolution
31%
Racing Club
31%
Al-Ain
30%
Nordsjælland
30%
Rosario Central
30%
San Lorenzo
30%
Elfsborg
29%
Göteborg
29%
Huracán
29%
Tigre
29%
Tijuana
29%
Urawa Red Diamonds
29%
Western Sydney
29%
Al-Ahli
28%
BATE
28%
Independiente
28%
Bahia
27%
Shanghai Port
27%
Wydad AC
27%
Elversberg
26%
En Avant Guingamp
26%
Moreirense
26%
San Jose Earthquakes
26%
Ulsan
26%
Wisła Kraków
26%
Atlético Nacional
25%
Breiðablik
25%
Espérance Tunis
25%
Olimpija Ljubljana
25%
Rubin Kazan
25%
Univ. Craiova
25%
Zorya Luhansk
25%
Deportivo Cali
24%
St. Louis
24%
Levski Sofia
23%
Millonarios
23%
Club Nacional
22%
Raków Częstochowa
22%
San Diego
22%
Zrinjski Mostar
22%
Central Coast
21%
Estudiantes
21%
Juventude
21%
Mjällby
21%
Spartak Trnava
21%
Toluca
21%
Universidad Católica
21%
Celje
20%
Fredrikstad
20%
Nancy
20%
Santa Fe
20%
Shkëndija
20%
Sport Recife
20%
Universidad de Chile
20%
América de Cali
19%
Independiente Medellín
19%
Vitória
19%
Argentinos Juniors
18%
Auckland
18%
Santos Laguna
18%
Shanghai Shenhua
18%
Silkeborg
18%
Al-Qadsiah
17%
Aris Limassol
16%
Jeonbuk
16%
Junior
16%
TSC
16%
Club Olimpia
15%
Ceará
14%
Jablonec
14%
Al-Taawoun
13%
Club Nacional
13%
Spezia
13%
Independiente del Valle
11%
Mirassol
11%
Club Bolívar
10%
Barracas Central
7%
Deportivo Pereira
7%
No matching quizzes found
Score Distribution
Percent of People with Each Score
Percentile by Number Answered
Your Score History
You have not taken this quiz